[Event "Minsk op"]
[Site "Minsk"]
[Date "2023.11.08"]
[Round "6"]
[White "Kekelidze, Mikheil"]
[Black "Hakobyan, Menua"]
[Result "1-0"]
[WhiteElo "2340"]
[BlackElo "1971"]
[PlyCount "30"]
[EventDate "2023.11.03"]
[EventType "swiss"]
[EventRounds "9"]
[EventCountry "BLR"]
[SourceTitle "CB46_2023"]
[SourceDate "2023.11.15"]
[SourceVersion "1"]
[SourceVersionDate "2023.11.15"]
[SourceQuality "1"]

1. d4 d5 2. c4 e6 3. Nc3 a6 4. c5 Nc6 5. Bf4 b6 6. cxb6 cxb6 7. Nf3 Nf6 8. e3 Bd6 9. Bd3 Bb7 10. 0-0 0-0 11. Ne5 b5 12. Qf3 Ne7 13. g4 b4 14. g5 bxc3 15. gxf6 gxf6 1-0

[Event "Tbilisi Champions Cup"]
[Site "Tbilisi"]
[Date "2023.10.18"]
[Round "6"]
[White "Tabatadze, Erekle"]
[Black "Kekelidze, Mikheil"]
[Result "0-1"]
[WhiteElo "1794"]
[BlackElo "2332"]
[PlyCount "110"]
[EventDate "2023.10.13"]
[EventType "swiss"]
[EventRounds "9"]
[EventCountry "GEO"]
[SourceTitle "Mega2024 Update 01"]
[Source "Chessbase"]
[SourceDate "2023.11.12"]
[SourceVersion "1"]
[SourceVersionDate "2023.11.12"]
[SourceQuality "1"]

1. d4 Nf6 2. c4 e6 3. Nf3 Bb4+ 4. Bd2 Qe7 5. e3 b6 6. Bxb4 Qxb4+ 7. Qd2 Qxd2+ 8. Nbxd2 c5 9. Bd3 Bb7 10. Ke2 d6 11. a3 Nbd7 12. b4 0-0 13. Rhd1 Rfc8 14. Rab1 Rc7 15. e4 e5 16. bxc5 dxc5 17. dxe5 Ng4 18. e6 fxe6 19. Ng5 Nde5 20. Bc2 Nc6 21. Ngf3 Rf8 22. h3 Nge5 23. Ke3 Ba6 24. Ba4 Nxf3 25. Nxf3 Na5 26. Bb5 Nxc4+ 27. Bxc4 Bxc4 28. Ne5 Ba6 29. Rd6 c4 30. Rc1 Rc5 31. Nd7 Ra5 32. Rc3 Rc8 33. Rxe6 Kf7 34. Re5 Rxe5 35. Nxe5+ Ke6 36. f4 b5 37. Kd4 Bb7 38. f5+ Kd6 39. Ng4 Rd8 40. e5+ Kc7+ 41. Ke3 Bxg2 42. Nf2 Bd5 43. Nd3 Rf8 44. Nf4 Kc6 45. Kd4 Bh1 46. f6 gxf6 47. e6 Rd8+ 48. Ke3 Bd5 49. Kf2 Re8 50. Re3 Kd6 51. e7 Bf7 52. Ne2 Rxe7 53. Nc3 Rxe3 54. Kxe3 Kc6 55. Kd4 a5 0-1

[Event "Tbilisi Champions Cup"]
[Site "Tbilisi"]
[Date "2023.10.14"]
[Round "2"]
[White "Kekelidze, Mikheil"]
[Black "Gvatua, Mariam"]
[Result "1-0"]
[WhiteElo "2332"]
[BlackElo "1607"]
[PlyCount "45"]
[EventDate "2023.10.13"]
[EventType "swiss"]
[EventRounds "9"]
[EventCountry "GEO"]
[SourceTitle "Mega2024 Update 01"]
[Source "Chessbase"]
[SourceDate "2023.11.12"]
[SourceVersion "1"]
[SourceVersionDate "2023.11.12"]
[SourceQuality "1"]

1. e4 c5 2. Nf3 Nc6 3. Nc3 Nf6 4. Bb5 Nd4 5. e5 Nxb5 6. Nxb5 Nd5 7. Ng5 e6 8. Ne4 Be7 9. Nbd6+ Kf8 10. 0-0 h5 11. d4 cxd4 12. Qxd4 f5 13. exf6 gxf6 14. c4 Nc7 15. Bg5 e5 16. Qe3 Ne6 17. Bh4 Nd4 18. f4 Nc2 19. Qd2 Qb6+ 20. c5 Qxb2 21. fxe5 Qd4+ 22. Qxd4 Nxd4 23. Nxf6 1-0

[Event "Parnu Keres Memorial Rapid op 4th"]
[Site "Parnu"]
[Date "2023.07.30"]
[Round "5"]
[White "Kekelidze, Mikheil"]
[Black "Seo, Jung Min"]
[Result "1/2-1/2"]
[WhiteElo "2331"]
[BlackElo "2469"]
[PlyCount "154"]
[EventDate "2023.07.30"]
[EventType "swiss (rapid)"]
[EventRounds "7"]
[EventCountry "EST"]
[SourceTitle "CBM 215 Extra"]
[Source "ChessBase"]
[SourceDate "2023.09.30"]
[SourceVersion "1"]
[SourceVersionDate "2023.09.30"]
[SourceQuality "1"]

1. d4 d6 2. e4 Nf6 3. Nc3 g6 4. Be3 Bg7 5. Qd2 Nc6 6. f3 e5 7. Nge2 0-0 8. d5 Ne7 9. 0-0-0 Ne8 10. h4 c6 11. h5 cxd5 12. Nxd5 Nxd5 13. Qxd5 Nf6 14. Qd2 Re8 15. hxg6 hxg6 16. Qxd6 Qa5 17. Nc3 Be6 18. Qc5 Qxc5 19. Bxc5 Rec8 20. Be3 a6 21. g4 b5 22. g5 Nh5 23. Nd5 Bxd5 24. Rxd5 Rc6 25. Bh3 Nf4 26. Rd2 Nxh3 27. Rxh3 Rac8 28. Rh1 f5 29. gxf6 Rxf6 30. Rh3 Rcf8 31. Rf2 Rc8 32. Kd1 Rcf8 33. Ke2 Rc8 34. Kf1 Rfc6 35. Rhh2 Bf8 36. Rd2 b4 37. Rhe2 a5 38. Kg2 a4 39. Bg1 Bc5 40. Bxc5 Rxc5 41. Kg3 Kg7 42. Kg4 Kf6 43. Rd6+ Kg7 44. Rdd2 Kf6 45. b3 a3 46. Rh2 R8c6 47. Kg3 Rc3 48. Rhg2 Kg5 49. Kf2+ Kf6 50. Kg3 Kg5 51. Rd5 Kf6 52. Rdd2 Kg5 53. Rh2 Kf6 54. Kg4 R3c5 55. Rhf2 Rc3 56. Rh2 R3c5 57. Rhg2 Rc3 58. Rde2 R6c5 59. Rgf2 Rc6 60. f4 exf4 61. e5+ Ke6 62. Kxf4 R3c5 63. Rg2 Ke7 64. Rh2 Ke6 65. Rhg2 Ke7 66. Rh2 Ke6 67. Rh6 Rxc2 68. Rxg6+ Kf7 69. Rxc2 Rxc2 70. Rb6 Rxa2 71. Rxb4 Ra1 72. Rb7+ Ke6 73. Rb6+ Kf7 74. Rb7+ Ke6 75. Rb6+ Kf7 76. Rb7+ Ke6 77. Rb6+ Kd5 1/2-1/2

[Event "Parnu Keres Memorial op"]
[Site "Parnu"]
[Date "2023.07.27"]
[Round "6"]
[White "Seo, Jung Min"]
[Black "Kekelidze, Mikheil"]
[Result "1/2-1/2"]
[WhiteElo "2469"]
[BlackElo "2331"]
[PlyCount "118"]
[EventDate "2023.07.24"]
[EventType "swiss"]
[EventRounds "9"]
[EventCountry "EST"]
[SourceTitle "CBM 215 Extra"]
[Source "ChessBase"]
[SourceDate "2023.09.30"]
[SourceVersion "1"]
[SourceVersionDate "2023.09.30"]
[SourceQuality "1"]

1. d4 Nf6 2. c4 e6 3. Nf3 Bb4+ 4. Nbd2 b6 5. a3 Bxd2+ 6. Qxd2 Bb7 7. g3 0-0 8. Bg2 d6 9. 0-0 Nbd7 10. b3 Be4 11. Bb2 Qc8 12. Qc3 Qb7 13. Bh3 c5 14. Nd2 Bc6 15. Rac1 Rac8 16. Rfd1 Rfe8 17. f3 d5 18. cxd5 exd5 19. Re1 Bb5 20. e3 cxd4 21. Qxd4 Rxc1 22. Rxc1 Nc5 23. a4 Bd7 24. Bf1 Qb8 25. Kf2 Qd6 26. Qf4 Qe7 27. Re1 Rc8 28. Rc1 Re8 29. Re1 Rc8 30. Qe5 Qxe5 31. Bxe5 Bf5 32. a5 Nd3+ 33. Bxd3 Bxd3 34. axb6 axb6 35. Ra1 Nd7 36. Bd4 f6 37. Ra2 Kf7 38. g4 Ke6 39. f4 Kd6 40. Bb2 Rc2 41. Ba3+ Nc5 42. Rxc2 Bxc2 43. b4 Ne4+ 44. Nxe4+ dxe4 45. Bb2 Bd1 46. Kg3 h5 47. g5 fxg5 48. fxg5 g6 49. Bd4 b5 50. h4 Kd5 51. Kf2 Bg4 52. Bg7 Kc4 53. Bf8 Bc8 54. Be7 Bg4 55. Bf8 Be6 56. Be7 Bg4 57. Bf8 Be6 58. Be7 Bg4 59. Bf8 Be6 1/2-1/2

[Event "Batumi Municipality Cup"]
[Site "Batumi"]
[Date "2023.07.10"]
[Round "9"]
[White "Gasparyan, Erik R"]
[Black "Kekelidze, Mikheil"]
[Result "1-0"]
[WhiteElo "2235"]
[BlackElo "2331"]
[PlyCount "119"]
[EventDate "2023.07.02"]
[EventType "swiss"]
[EventRounds "9"]
[EventCountry "GEO"]
[SourceTitle "CBM 215 Extra"]
[Source "ChessBase"]
[SourceDate "2023.09.30"]
[SourceVersion "1"]
[SourceVersionDate "2023.09.30"]
[SourceQuality "1"]

1. d4 g6 2. e4 Bg7 3. Nf3 d6 4. Nc3 a6 5. Bd3 Bg4 6. Be3 Nc6 7. Be2 Nf6 8. d5 Bxf3 9. Bxf3 Ne5 10. Be2 0-0 11. f4 Ned7 12. 0-0 c6 13. dxc6 bxc6 14. Qd2 Qa5 15. Bf3 Rfd8 16. Rab1 Rab8 17. Rfd1 Ne8 18. b4 Qc7 19. a4 a5 20. Na2 axb4 21. Nxb4 Ra8 22. e5 Nb8 23. Qf2 Qc8 24. Bb6 Rd7 25. a5 e6 26. c4 Bf8 27. Kh1 d5 28. cxd5 Bxb4 29. Rxb4 cxd5 30. Be2 Na6 31. Rbb1 Nec7 32. Rdc1 Qf8 33. Qd4 Qe7 34. Rc3 Rf8 35. Rbc1 Rb8 36. h3 Kg7 37. Rc6 Rb7 38. Kh2 h5 39. Qa4 d4 40. Qc4 Qa3 41. Bf3 Qe3 42. Rd6 Qxf4+ 43. Kh1 Nd5 44. Rb1 Rdc7 45. Rc6 Rxc6 46. Qxc6 Re7 47. Bxd5 exd5 48. Qf6+ Qxf6 49. exf6+ Kxf6 50. Bd8 Nc5 51. Rf1+ Ke6 52. Re1+ Ne4 53. Bxe7 d3 54. a6 d2 55. Ra1 Kxe7 56. a7 d1Q+ 57. Rxd1 Nf2+ 58. Kg1 Nxd1 59. a8Q Ke6 60. Qa6+ 1-0

[Event "Minsk op"]
[Site "Minsk"]
[Date "2022.08.10"]
[Round "8"]
[White "Kekelidze, Mikheil"]
[Black "Tsesler, Yakau"]
[Result "1-0"]
[WhiteElo "2351"]
[BlackElo "1866"]
[PlyCount "105"]
[EventDate "2022.08.03"]
[EventType "swiss"]
[EventRounds "9"]
[EventCountry "BLR"]
[SourceTitle "CBM 209 Extra"]
[Source "ChessBase"]
[SourceDate "2022.09.30"]
[SourceVersion "1"]
[SourceVersionDate "2022.09.30"]
[SourceQuality "1"]

1. e4 c5 2. Nf3 a6 3. g3 d6 4. Bg2 g6 5. 0-0 Bg7 6. c3 e6 7. d4 Qc7 8. a4 b6 9. Na3 Bb7 10. dxc5 Qxc5 11. Be3 Qc7 12. Nd2 Ne7 13. Ndc4 Nc8 14. f4 0-0 15. f5 Nd7 16. Bd4 e5 17. Be3 Nf6 18. Nd2 d5 19. g4 Re8 20. c4 Nxe4 21. Nxe4 dxe4 22. Qe1 Bf8 23. Qh4 Rd8 24. Nc2 Nd6 25. b3 Ne8 26. Qf2 Bc5 27. b4 Bxe3 28. Nxe3 Rd4 29. a5 bxa5 30. Rxa5 Rad8 31. g5 Rd2 32. Qg3 Re2 33. Rxe5 Qd7 34. fxg6 hxg6 35. Ng4 Rxg2+ 36. Qxg2 e3 37. Rxe8+ Qxe8 38. Qxb7 Qe6 39. Nh6+ Kf8 40. Qxf7+ Qxf7 41. Nxf7 Rd2 42. Ne5+ Kg7 43. Ng4 e2 44. Re1 Rb2 45. Ne3 Rxb4 46. Rxe2 a5 47. Rd2 a4 48. Rd7+ Kf8 49. Rd5 Rb3 50. Kf2 a3 51. Kf3 Ke8 52. h4 Kf8 53. Ke4 1-0

[Event "Poti op 15th"]
[Site "Poti"]
[Date "2022.07.24"]
[Round "9"]
[White "Kekelidze, Mikheil"]
[Black "Nigalidze, Gaioz"]
[Result "0-1"]
[WhiteElo "2372"]
[BlackElo "2478"]
[PlyCount "44"]
[EventDate "2022.07.16"]
[EventType "swiss"]
[EventRounds "9"]
[EventCountry "GEO"]
[SourceTitle "CBM 209 Extra"]
[Source "ChessBase"]
[SourceDate "2022.09.30"]
[SourceVersion "1"]
[SourceVersionDate "2022.09.30"]
[SourceQuality "1"]

1. e4 c5 2. Nf3 d6 3. d4 cxd4 4. Nxd4 Nf6 5. Nc3 a6 6. Bc4 e6 7. 0-0 b5 8. Bb3 Be7 9. f4 0-0 10. Be3 b4 11. Na4 Nxe4 12. f5 d5 13. fxe6 fxe6 14. c4 bxc3 15. bxc3 Rxf1+ 16. Qxf1 Bd7 17. Qf3 Nc6 18. Rf1 Bf6 19. Nxc6 Bxc6 20. Bd4 Bxa4 21. Bxa4 Nd2 22. Qe3 Bxd4 0-1

[Event "Poti op 15th"]
[Site "Poti"]
[Date "2022.07.22"]
[Round "7"]
[White "Kekelidze, Mikheil"]
[Black "Movsisyan, Vardan"]
[Result "1-0"]
[WhiteElo "2372"]
[BlackElo "2102"]
[PlyCount "49"]
[EventDate "2022.07.16"]
[EventType "swiss"]
[EventRounds "9"]
[EventCountry "GEO"]
[SourceTitle "CBM 209 Extra"]
[Source "ChessBase"]
[SourceDate "2022.09.30"]
[SourceVersion "1"]
[SourceVersionDate "2022.09.30"]
[SourceQuality "1"]

1. d4 Nf6 2. c4 e5 3. dxe5 Ng4 4. e3 Nxe5 5. Nh3 a5 6. Nf4 Ra6 7. Nc3 Rh6 8. Be2 b6 9. e4 Bb4 10. Nfd5 Rg6 11. 0-0 Bxc3 12. bxc3 Ba6 13. f4 Nxc4 14. f5 Rc6 15. f6 g6 16. Bh6 Re6 17. Qc1 Nc6 18. Bg7 Rg8 19. Qh6 d6 20. Bg4 N4e5 21. Qxh7 Bxf1 22. Rxf1 Kd7 23. Bxe6+ fxe6 24. f7 Rf8 25. Bxf8 1-0

[Event "Poti op 15th"]
[Site "Poti"]
[Date "2022.07.18"]
[Round "3"]
[White "Kekelidze, Mikheil"]
[Black "Agasarov, Benik"]
[Result "1-0"]
[WhiteElo "2372"]
[BlackElo "2225"]
[PlyCount "61"]
[EventDate "2022.07.16"]
[EventType "swiss"]
[EventRounds "9"]
[EventCountry "GEO"]
[SourceTitle "CBM 209 Extra"]
[Source "ChessBase"]
[SourceDate "2022.09.30"]
[SourceVersion "1"]
[SourceVersionDate "2022.09.30"]
[SourceQuality "1"]

1. d4 Nf6 2. c4 e6 3. Nf3 d5 4. Bg5 Bb4+ 5. Nbd2 h6 6. Bxf6 Qxf6 7. Rc1 0-0 8. e3 c5 9. a3 Bxd2+ 10. Qxd2 cxd4 11. Qxd4 Qxd4 12. Nxd4 Nc6 13. Nxc6 bxc6 14. cxd5 cxd5 15. b4 Rb8 16. Kd2 Bb7 17. Rc5 Rfd8 18. Bd3 Rd7 19. Rhc1 Kf8 20. Rc7 Rd6 21. f4 a6 22. R1c5 Ke8 23. Bc2 g6 24. g3 Kf8 25. Kc3 Kg7 26. Kd4 Rdd8 27. Bd3 h5 28. Re7 Re8 29. Rxe8 Rxe8 30. Rc7 Rb8 31. Kc5 1-0

[Event "Aktobe Dvorkovich Rapid op"]
[Site "Aktobe"]
[Date "2022.06.21"]
[Round "5"]
[White "Kekelidze, Mikheil"]
[Black "Sivuk, Vitaly"]
[Result "1/2-1/2"]
[WhiteElo "2377"]
[BlackElo "2555"]
[PlyCount "120"]
[EventDate "2022.06.21"]
[EventType "swiss (rapid)"]
[EventRounds "9"]
[EventCountry "KAZ"]
[SourceTitle "CBM 209 Extra"]
[Source "ChessBase"]
[SourceDate "2022.09.30"]
[SourceVersion "1"]
[SourceVersionDate "2022.09.30"]
[SourceQuality "1"]

1. d4 Nf6 2. c4 e6 3. Nf3 b6 4. a3 Bb7 5. Nc3 d5 6. Bg5 Be7 7. Qa4+ Bc6 8. Qc2 dxc4 9. e3 Nbd7 10. Bxc4 a6 11. Rd1 0-0 12. Ba2 Rc8 13. Bb1 h6 14. h4 Bb7 15. Ne5 Re8 16. Rh3 c5 17. Nxf7 Kxf7 18. Qg6+ Kg8 19. dxc5 Nf8 20. Rxd8 Nxg6 21. Rxe8+ Nxe8 22. Bxe7 Nxe7 23. cxb6 Nd6 24. h5 Rc6 25. Ba2 Rxb6 26. Bxe6+ Kf8 27. b4 Ndf5 28. Bxf5 Nxf5 29. e4 Nd4 30. Kd2 Rf6 31. Rd3 Ne6 32. f3 Nf4 33. Rd7 Rf7 34. Rxf7+ Kxf7 35. g4 Kf6 36. Na4 Ne6 37. Nc5 Nxc5 38. bxc5 Ke5 39. Ke3 Bc6 40. f4+ Ke6 41. Kd4 Ba4 42. f5+ Kd7 43. g5 hxg5 44. f6 Ke6 45. fxg7 Kf7 46. h6 Bd7 47. Ke5 g4 48. Kf4 Kg8 49. e5 Kh7 50. c6 Bxc6 51. Kxg4 Bd5 52. Kg5 Bc4 53. a4 a5 54. Kf6 Kxh6 55. e6 Bxe6 56. Kxe6 Kxg7 57. Kd6 Kf7 58. Kd7 Kf6 59. Kc7 Ke6 60. Kb6 Kd7 1/2-1/2

[Event "Aktobe Dvorkovich Rapid op"]
[Site "Aktobe"]
[Date "2022.06.21"]
[Round "9"]
[White "Kekelidze, Mikheil"]
[Black "Utegaliev, Azamat"]
[Result "1-0"]
[WhiteElo "2377"]
[BlackElo "2465"]
[PlyCount "61"]
[EventDate "2022.06.21"]
[EventType "swiss (rapid)"]
[EventRounds "9"]
[EventCountry "KAZ"]
[SourceTitle "CBM 209 Extra"]
[Source "ChessBase"]
[SourceDate "2022.09.30"]
[SourceVersion "1"]
[SourceVersionDate "2022.09.30"]
[SourceQuality "1"]

1. d4 d5 2. c4 e6 3. Nf3 Nf6 4. g3 Bb4+ 5. Bd2 Be7 6. Bg2 0-0 7. 0-0 b6 8. cxd5 exd5 9. Nc3 Bb7 10. Ne5 c6 11. Qa4 Nfd7 12. Bf4 Nxe5 13. Bxe5 Nd7 14. Bf4 Re8 15. Rac1 b5 16. Qc2 Nb6 17. Rfd1 Nc4 18. e4 g5 19. Be3 a6 20. e5 Bc8 21. b3 Nxe3 22. fxe3 Be6 23. Rf1 Qd7 24. Rf2 Rac8 25. Rcf1 c5 26. Rxf7 Bxf7 27. Rxf7 Kxf7 28. Qxh7+ Kf8 29. Bxd5 Qxd5 30. Nxd5 cxd4 31. e6 1-0

[Event "Aktobe Dvorkovich op"]
[Site "Aktobe"]
[Date "2022.06.19"]
[Round "8"]
[White "Utegaliev, Azamat"]
[Black "Kekelidze, Mikheil"]
[Result "1-0"]
[WhiteElo "2465"]
[BlackElo "2377"]
[PlyCount "43"]
[EventDate "2022.06.14"]
[EventType "swiss"]
[EventRounds "9"]
[EventCountry "KAZ"]
[SourceTitle "CBM 208 Extra"]
[Source "ChessBase"]
[SourceDate "2022.07.31"]
[SourceVersion "1"]
[SourceVersionDate "2022.07.31"]
[SourceQuality "1"]

1. e4 e5 2. Nf3 Nc6 3. Bb5 a6 4. Bxc6 dxc6 5. 0-0 Qf6 6. d4 exd4 7. Bg5 Qg6 8. Qxd4 Bd6 9. Nbd2 f6 10. Bh4 Be6 11. e5 fxe5 12. Nxe5 Qf5 13. Rfe1 c5 14. Qe4 Kf8 15. Qxb7 Re8 16. Nec4 Nf6 17. Nxd6 cxd6 18. Qxa6 Qd5 19. Bxf6 gxf6 20. Ne4 Rg8 21. Qxd6+ Kf7 22. Qxd5 1-0

[Event "Almaty 2nd"]
[Site "Almaty"]
[Date "2022.04.26"]
[Round "2"]
[White "Askarov, Bakhtiyar"]
[Black "Kekelidze, Mikheil"]
[Result "0-1"]
[WhiteElo "2404"]
[BlackElo "2388"]
[PlyCount "78"]
[EventDate "2022.04.25"]
[EventType "tourn"]
[EventRounds "9"]
[EventCountry "KAZ"]
[EventCategory "1"]
[SourceTitle "EXT 2023"]
[Source "ChessBase"]
[SourceDate "2022.10.05"]
[SourceVersion "1"]
[SourceVersionDate "2022.10.05"]
[SourceQuality "1"]

1. d4 Nf6 2. Bg5 Ne4 3. h4 c5 4. d5 g6 5. Nd2 Nxg5 6. hxg5 Bg7 7. c3 d6 8. e3 Nd7 9. f4 b5 10. Bxb5 Rb8 11. a4 a6 12. Bc6 Rxb2 13. Ne2 0-0 14. a5 f6 15. Qc1 Rb8 16. Ne4 c4 17. 0-0 Nc5 18. Nxc5 dxc5 19. gxf6 exf6 20. e4 Bd7 21. Bxd7 Qxd7 22. f5 g5 23. Qe3 Rfe8 24. Qxc5 Rxe4 25. Nd4 Rc8 26. Qb6 Qxd5 27. Qxa6 Rce8 28. Rfd1 Bf8 29. Qxf6 Rg4 30. Ra2 Bc5 31. a6 Qf3 32. Rad2 Rxg2+ 33. Rxg2 Qxd1+ 34. Kh2 Qh5+ 35. Kg1 Re1+ 36. Kf2 Qe2+ 37. Kg3 Qe3+ 38. Kh2 Qf4+ 39. Rg3 Qf2+ 0-1

[Event "Almaty 2nd"]
[Site "Almaty"]
[Date "2022.04.25"]
[Round "1"]
[White "Kekelidze, Mikheil"]
[Black "Zhalmakhanov, Ramazan"]
[Result "0-1"]
[WhiteElo "2388"]
[BlackElo "2396"]
[PlyCount "154"]
[EventDate "2022.04.25"]
[EventType "tourn"]
[EventRounds "9"]
[EventCountry "KAZ"]
[EventCategory "1"]
[SourceTitle "EXT 2023"]
[Source "ChessBase"]
[SourceDate "2022.10.05"]
[SourceVersion "1"]
[SourceVersionDate "2022.10.05"]
[SourceQuality "1"]

1. d4 d5 2. c4 e6 3. Nf3 c5 4. cxd5 exd5 5. g3 Nc6 6. Bg2 Nf6 7. 0-0 Be7 8. Nc3 0-0 9. dxc5 Bxc5 10. Na4 Be7 11. Be3 Ne4 12. Rc1 Qa5 13. a3 Be6 14. Nd4 Nxd4 15. Bxd4 Rac8 16. Nc3 Rfd8 17. e3 Nxc3 18. Bxc3 Qb6 19. Qd4 Qxd4 20. Bxd4 b6 21. Rfd1 Kf8 22. Bf1 Bg4 23. Ba6 Bxd1 24. Bxc8 Bf3 25. Ba6 Bd6 26. Kf1 f6 27. Ke1 Ke7 28. Kd2 h5 29. Rc8 Rxc8 30. Bxc8 Be5 31. Bf5 g5 32. h4 Bd6 33. b4 Be4 34. Bh3 gxh4 35. gxh4 f5 36. Bf1 f4 37. exf4 Bxf4+ 38. Kc3 Ke6 39. a4 Bc7 40. Be2 Bg6 41. b5 Bd8 42. a5 bxa5 43. Bxa7 Bxh4 44. Bd4 Be7 45. b6 Bd6 46. Kb3 h4 47. Ka4 h3 48. Bf1 h2 49. Bg2 Be4 50. f3 Bd3 51. Kxa5 Kd7 52. Ka4 Bc4 53. Ka5 Kc6 54. Be3 Be2 55. Bd4 Bd3 56. Ka4 Bf5 57. Ka5 Bc8 58. Bf2 Bc5 59. Bg3 Bxb6+ 60. Kb4 Bg1 61. Be5 Be6 62. Kc3 Kc5 63. Bf4 Bh3 64. Bh1 Bf1 65. Kd2 d4 66. Bb8 Kd5 67. f4+ Ke6 68. Be4 Bh3 69. Be5 Bf5 70. Bf3 d3 71. Bc3 Bf2 72. Bb2 Kd6 73. Be5+ Kc5 74. Bf6 Be6 75. Be7+ Kc4 76. f5 Bd5 77. f6 Bxf3 0-1

[Event "Titled Tuesday intern op 24th Aug"]
[Site "Chess.com INT"]
[Date "2021.08.24"]
[Round "3"]
[White "Kekelidze, Mikheil"]
[Black "Kucuksari, Kaan"]
[Result "1/2-1/2"]
[WhiteElo "2388"]
[BlackElo "2365"]
[PlyCount "145"]
[EventDate "2021.08.24"]
[EventType "swiss (blitz)"]
[EventRounds "11"]
[EventCountry "USA"]
[SourceTitle "EXT 2022"]
[Source "ChessBase"]
[SourceDate "2021.10.06"]
[SourceVersion "1"]
[SourceVersionDate "2021.10.06"]
[SourceQuality "1"]

1. d4 Nf6 2. c4 e6 3. Nc3 Bb4 4. Nf3 b6 5. Bg5 Bb7 6. Nd2 h6 7. Bh4 Nc6 8. e3 Ne7 9. f3 Ng6 10. Bf2 c5 11. a3 cxd4 12. axb4 dxc3 13. bxc3 0-0 14. Be2 Nh7 15. 0-0 f5 16. c5 bxc5 17. bxc5 a5 18. Nc4 Nf6 19. Nb6 Ra7 20. Bg3 Bc6 21. Bd6 Re8 22. Bc4 Kh7 23. Qc2 Nd5 24. Bxd5 Bxd5 25. Nxd5 exd5 26. Qxf5 Rxe3 27. Ra4 Qg5 28. Qc2 h5 29. Bf4 Qe7 30. Bxe3 Qxe3+ 31. Kh1 Qxc5 32. Rh4 d4 33. Rxd4 Rc7 34. Qd3 Qxc3 35. Qxc3 Rxc3 36. Rxd7 Ra3 37. Ra7 Ra2 38. g3 Ne5 39. Re7 Nd3 40. Kg1 a4 41. f4 Kg6 42. f5+ Kf6 43. Re6+ Kf7 44. Rd6 Ne5 45. Re6 Ng4 46. h3 Nf6 47. Re3 Rb2 48. Rf2 Rb4 49. Kg2 Rc4 50. Ra2 Nd5 51. Rea3 Rc5 52. Rxa4 Ne3+ 53. Kf3 Nxf5 54. Ra7+ Kg6 55. R2a6+ Kh7 56. Ra3 Nd4+ 57. Ke4 Nb5 58. R7a5 Rc4+ 59. Kd3 Nxa3 60. Rxa3 Rc1 61. Ke4 Rh1 62. h4 Rf1 63. Rf3 Re1+ 64. Kf4 Kh6 65. g4 hxg4 66. Kxg4 Re4+ 67. Kg3 Kh5 68. Rf5+ Kh6 69. Rf4 Rxf4 70. Kxf4 Kh5 71. Kf5 Kxh4 72. Kg6 Kg4 73. Kxg7 1/2-1/2

[Event "Titled Tuesday intern op 24th Aug"]
[Site "Chess.com INT"]
[Date "2021.08.24"]
[Round "10"]
[White "Kekelidze, Mikheil"]
[Black "Pavlov, Danila"]
[Result "0-1"]
[WhiteElo "2388"]
[BlackElo "2383"]
[PlyCount "142"]
[EventDate "2021.08.24"]
[EventType "swiss (blitz)"]
[EventRounds "11"]
[EventCountry "USA"]
[SourceTitle "EXT 2022"]
[Source "ChessBase"]
[SourceDate "2021.10.06"]
[SourceVersion "1"]
[SourceVersionDate "2021.10.06"]
[SourceQuality "1"]

1. d4 Nf6 2. c4 g6 3. Nc3 Bg7 4. e4 d6 5. Nge2 0-0 6. Ng3 e5 7. d5 Ne8 8. h4 f5 9. h5 f4 10. Nge2 g5 11. h6 Bf6 12. Ng1 g4 13. Be2 Qd7 14. Rh5 Na6 15. Rf5 Qf7 16. Bxg4 Bxf5 17. Bxf5 Kh8 18. Nh3 c6 19. Qf3 Nac7 20. Ke2 Be7 21. Bd2 b5 22. b3 b4 23. Na4 cxd5 24. cxd5 Nxd5 25. Rc1 Rb8 26. Rc4 Nb6 27. Nxb6 Rxb6 28. Rc8 d5 29. Qd3 Rxh6 30. Qxd5 Qxd5 31. exd5 Nd6 32. Rxf8+ Bxf8 33. Be6 a5 34. f3 Rg6 35. Kf1 Ne8 36. Nf2 Nc7 37. Bf5 Rd6 38. Ne4 Rxd5 39. Ke2 Nb5 40. Be1 Bc5 41. Bg4 Be3 42. g3 Nd4+ 43. Kd3 Nxf3+ 44. Ke2 Nxe1 45. Kxe1 Rd4 46. Bf3 fxg3 47. Ke2 Bf4 48. Bg2 h5 49. Kf3 h4 50. Kg4 Rd3 51. Kxh4 Re3 52. Kh5 Re2 53. Bf3 g2 54. Bxe2 g1Q 55. Bf3 Qg7 56. Kh4 Qh6+ 57. Kg4 Qg6+ 58. Kh3 Qg1 59. Kh4 Qe1+ 60. Kg4 Qa1 61. Kf5 Qxa2 62. Nc5 Qc2+ 63. Ne4 Qxb3 64. Bh5 Qg8 65. Nf6 Qg5+ 66. Ke6 e4 67. Be8 Qe5+ 68. Kf7 Bg5 69. Ng8 Qg7+ 70. Ke6 Qxg8+ 71. Bf7 Qg7 0-1

[Event "Titled Tuesday intern op 19th Jan"]
[Site "Chess.com INT"]
[Date "2021.01.19"]
[Round "9"]
[White "Kekelidze, Mikheil"]
[Black "Shahade, Gregory P"]
[Result "0-1"]
[WhiteElo "2388"]
[BlackElo "2476"]
[PlyCount "124"]
[EventDate "2021.01.19"]
[EventType "swiss (blitz)"]
[EventRounds "11"]
[EventCountry "USA"]
[SourceTitle "CBM 200 Extra"]
[Source "ChessBase"]
[SourceDate "2021.03.31"]
[SourceVersion "1"]
[SourceVersionDate "2021.03.31"]
[SourceQuality "1"]

1. Nf3 Nf6 2. d4 g6 3. Nc3 d5 4. Bf4 Bg7 5. Nb5 Na6 6. e3 Nh5 7. Be5 0-0 8. Bxg7 Nxg7 9. Be2 c6 10. Nc3 Nf5 11. 0-0 Nd6 12. Bxa6 bxa6 13. Ne5 Qc7 14. Na4 f6 15. Nd3 Bf5 16. Nac5 Ne4 17. Nxa6 Qb7 18. Nac5 Nxc5 19. Nxc5 Qxb2 20. c4 dxc4 21. Qa4 Qb5 22. Rfc1 Qxa4 23. Nxa4 Bd3 24. Nc5 Rab8 25. Nd7 Rb2 26. Nxf8 Kxf8 27. Rc3 Kf7 28. Ra3 a5 29. Rc1 Rb5 30. h3 f5 31. Kh2 Ke6 32. Kg3 g5 33. Rcc3 h6 34. Ra4 Kd5 35. Rca3 Rb2 36. Rxa5+ Kd6 37. Rc5 h5 38. h4 gxh4+ 39. Kxh4 Rxf2 40. Ra6 Be4 41. g3 Rh2+ 42. Kg5 Rg2 43. Kf4 Rf2+ 44. Kg5 Bd5 45. Kxh5 Rf3 46. Kh4 Rxe3 47. a3 Re4+ 48. Kg5 e6 49. Ra7 Rxd4 50. Rca5 Rg4+ 51. Kf6 Rxg3 52. Ra8 c3 53. Rd8+ Kc7 54. Rf8 Kb6 55. Ra4 c2 56. Rb4+ Kc5 57. Ra8 c1Q 58. Ke7 Qg5+ 59. Kd7 Qg7+ 60. Kc8 Qf8+ 61. Kb7 Rg7+ 62. Ka6 Qxa8# 0-1

[Event "Titled Tuesday intern op 19th Jan"]
[Site "Chess.com INT"]
[Date "2021.01.19"]
[Round "5"]
[White "Kukhmazov, Arsen"]
[Black "Kekelidze, Mikheil"]
[Result "1-0"]
[WhiteElo "2442"]
[BlackElo "2388"]
[PlyCount "71"]
[EventDate "2021.01.19"]
[EventType "swiss (blitz)"]
[EventRounds "11"]
[EventCountry "USA"]
[SourceTitle "CBM 200 Extra"]
[Source "ChessBase"]
[SourceDate "2021.03.31"]
[SourceVersion "1"]
[SourceVersionDate "2021.03.31"]
[SourceQuality "1"]

1. b3 a5 2. Bb2 a4 3. c4 e6 4. g3 Nf6 5. Bg2 d5 6. Nf3 c5 7. cxd5 exd5 8. 0-0 Nc6 9. d4 cxd4 10. Nxd4 a3 11. Bc3 Bc5 12. Nxc6 bxc6 13. Qc1 0-0 14. b4 Bb6 15. Nxa3 Ba6 16. b5 cxb5 17. Rb1 Rc8 18. Qb2 d4 19. Bd2 Re8 20. Rfe1 b4 21. Bxb4 d3 22. e3 Ne4 23. Red1 Qg5 24. Be1 Ba7 25. Nb5 Rb8 26. a4 Qf5 27. Qa2 d2 28. Rxd2 Nxd2 29. Bxd2 Bxb5 30. axb5 Bb6 31. Qb2 Rbd8 32. Bc3 h5 33. Bxg7 Re6 34. Bc3 Rde8 35. h4 Qg4 36. Re1 1-0